| 000 | 00934nam a2200265Ia 4500 | ||
|---|---|---|---|
| 008 | 191130s2009##################000#0#eng## | ||
| 020 | _a9780195696950 | ||
| 022 | _a2009341051 | ||
| 040 |
_aACL _cACL |
||
| 082 | _a320 HAS | ||
| 100 | _aHasan, Zoya | ||
| 245 |
_aPolitics of inclusion : castes, minorities, and affirmative action _cZoya Hasan |
||
| 260 |
_aOxford _bOxford University Press _c2009 |
||
| 300 | _axiv, 302 p. ; 23 cm | ||
| 500 | _aIncludes bibliographical references (p. [272]-288) and index | ||
| 650 | _aDalits - Government policy - India | ||
| 650 | _aDalits - Political aspects - India | ||
| 650 | _aIndia - Scheduled tribes - Government policy | ||
| 650 | _aIndia - Scheduled tribes - Political activity | ||
| 650 | _aMinorities - Government policy - India | ||
| 650 | _aMinorities - Political aspects - India | ||
| 990 | _a7b601a6aac10000c15e60eda37cae1cf | ||
| 991 | _a190804 | ||
| 999 |
_c39524 _d39524 |
||